Name an F1 track A-Z - Statistics

General Stats
  • This quiz has been taken 4,063 times
  • The average score is 11 of 23
Answer Stats
Letter # Possible Answer % Correct
M 11 Circuit de Monaco, Monza, Mugello + more
91%
S 8 Spa-Francorchamps, Silverstone Circuit, Shanghai International Circuit + more
91%
B 8 Bahrain International Circuit, Circuit de Barcelona-Catalunya, Brands Hatch Circuit + more
84%
I 4 Imola, Interlagos, Indianapolis Motor Speedway + more
78%
H 3 Hungaroring, Hockenheimring, Autódromo Hermanos Rodríguez
67%
A 10 Albert Park, Adelaide, A1-Ring + more
65%
Z 3 Zandvoort, Zolder, Zeltweg
61%
L 4 Le Mans, Losail International Circuit, Long Beach + more
56%
R 5 Red Bull Ring, Reims-Gueux, Rouen + more
51%
J 6 Jarama, Jeddah Corniche Circuit, Jerez + more
50%
C 5 Circuit de Catalunya, Circuit of the Americas, Clermont-Ferrand + more
49%
N 3 Nürburgring, Circuit de Nevers Magny-Cours, Nivelles
47%
P 7 Portimão, Circuit Paul Ricard, Phoenix Street Circuit + more
47%
Y 1 Yas Marina Circuit
46%
T 1 TI Circuit Aida
41%
D 4 Donington Park, Detroit, Dijon-Prenois + more
28%
G 1 Circuit Gilles-Villeneuve
27%
E 3 Estoril, Autodromo Enzo e Dino Ferrari, East London
23%
F 2 Fuji International Speedway, Autódromo Fernanda Pires da Silva
23%
V 1 Valencia Street Circuit
18%
K 2 Korea International Circuit, Kyalami
14%
W 1 Watkins Glen International
14%
O 3 Österreichring, Autódromo Oscar Alfredo Gálvez, Okayama International Circuit + more
8%
No matching quizzes found
Score Distribution
Percent of People with Each Score
Percentile by Number Answered
Your Score History
You have not taken this quiz